| 000 | 00372nam a2200145Ia 4500 | ||
|---|---|---|---|
| 008 | 230312s9999||||xx |||||||||||||| ||und|| | ||
| 020 | _a97816802442 | ||
| 082 |
_a005.73 _bWEN-A |
||
| 100 | _aAlten,R,Stanley | ||
| 245 | 0 | _aRecording and producing audio for media | |
| 260 |
_bPragmatic _aUSA _c2017 |
||
| 300 | _a210 | ||
| 650 |
_aComputer _vElectronic Book |
||
| 942 | _cBK | ||
| 999 |
_c17736 _d17736 |
||